Applications of NMR spectroscopy in the solid state / (Registro nro. 108761)
[ vista simple ]
| 000 -LEADER | |
|---|---|
| campo de control de longitud fija | 01595nam a2200433 i 4500 |
| 001 - NÚMERO DE CONTROL | |
| campo de control | 108761 |
| 003 - IDENTIFICADOR DE NÚMERO DE CONTROL | |
| campo de control | FINmELB |
| 005 - FECHA Y HORA DE LA ÚLTIMA TRANSACCIÓN | |
| campo de control | 20241217173904.0 |
| 006 - CÓDIGOS DE INFORMACIÓN DE LONGITUD FIJA--CARACTERÍSTICAS DEL MATERIAL ADICIONAL | |
| campo de control de longitud fija | m o u |
| 007 - CAMPO FIJO DE DESCRIPCIÓN FÍSICA--INFORMACIÓN GENERAL | |
| campo de control de longitud fija | cr cn||||||||| |
| 008 - DATOS DE LONGITUD FIJA--INFORMACIÓN GENERAL | |
| campo de control de longitud fija | 200825s2019 sp o 000 0 eng d |
| 020 ## - NÚMERO INTERNACIONAL ESTÁNDAR DEL LIBRO | |
| ISBN cancelado o inválido | 9788400105143 |
| 020 ## - NÚMERO INTERNACIONAL ESTÁNDAR DEL LIBRO | |
| Número Internacional Estándar del Libro | 9788400105150 |
| Información calificativa | e-book |
| 035 ## - NÚMERO DE CONTROL DEL SISTEMA | |
| Número de control de sistema | (OCoLC)1193335757 |
| 040 ## - FUENTE DE CATALOGACIÓN | |
| Centro catalogador/agencia de origen | FINmELB |
| Lengua de catalogación | spa |
| Normas de descripción | rda |
| Centro/agencia transcriptor | FINmELB |
| 050 14 - SIGNATURA TOPOGRÁFICA DE LA BIBLIOTECA DEL CONGRESO | |
| Número de clasificación | QC176 |
| Número de ítem | A652 2019 |
| 080 ## - NÚMERO DE LA CLASIFICACIÓN DECIMAL UNIVERSAL | |
| Número de la Clasificación Decimal Universal | 531.1 |
| 082 04 - NÚMERO DE LA CLASIFICACIÓN DECIMAL DEWEY | |
| Número de clasificación | 530.41 |
| Información de edición | 23 |
| 245 00 - MENCIÓN DEL TÍTULO | |
| Título | Applications of NMR spectroscopy in the solid state / |
| Mención de responsabilidad, etc. | Luis Sánchez-Muñoz [y otros 3]. |
| 264 #1 - PRODUCCIÓN, PUBLICACIÓN, DISTRIBUCIÓN, FABRICACIÓN Y COPYRIGHT | |
| Producción, publicación, distribución, fabricación y copyright | Madrid : |
| Nombre del de productor, editor, distribuidor, fabricante | Editorial CSIC, |
| Fecha de producción, publicación, distribución, fabricación o copyright | 2019. |
| 300 ## - DESCRIPCIÓN FÍSICA | |
| Extensión | 1 recurso en línea (514 páginas) |
| 336 ## - TIPO DE CONTENIDO | |
| Término de tipo de contenido | texto |
| Código de tipo de contenido | txt |
| Fuente | rdacontent/spa |
| 337 ## - TIPO DE MEDIO | |
| Nombre/término del tipo de medio | computadora |
| Código del tipo de medio | c |
| Fuente | rdamedia/spa |
| 338 ## - TIPO DE SOPORTE | |
| Nombre/término del tipo de soporte | recurso en línea |
| Código del tipo de soporte | cr |
| Fuente | rdacarrier/spa |
| 490 1# - MENCIÓN DE SERIE | |
| Mención de serie | Biblioteca de Ciencias ; |
| Designación de volumen o secuencia | 47 |
| 588 ## - NOTA DE FUENTE DE LA DESCRIPCIÓN | |
| Nota de fuente de la descripción | Descripción basada en metadatos suministrados por el editor y otras fuentes. |
| 590 ## - NOTA LOCAL (RLIN) | |
| Nota local | Recurso electrónico. Santa Fe, Arg.: elibro, 2019. Disponible vía World Wide Web. El acceso puede estar limitado para las bibliotecas afiliadas a elibro. |
| 650 #0 - PUNTO DE ACCESO ADICIONAL DE MATERIA--TÉRMINO DE MATERIA | |
| Término de materia o nombre geográfico como elemento de entrada | Solid state physics. |
| 650 #4 - PUNTO DE ACCESO ADICIONAL DE MATERIA--TÉRMINO DE MATERIA | |
| Término de materia o nombre geográfico como elemento de entrada | Física del estado sólido. |
| 655 #4 - TERMINO DE INDIZACIÓN--GENERO/FORMA | |
| Datos o término principal de género/forma | Libros electrónicos. |
| 700 1# - ENTRADA AGREGADA--NOMBRE PERSONAL | |
| Nombre de persona | Sánchez-Muñoz, Luis, |
| Término indicativo de función/relación | editor. |
| 797 2# - PUNTO DE ACCESO ADICIONAL LOCAL--NOMBRE DE ENTIDAD CORPORATIVA (RLIN) | |
| Nombre de entidad corporativa o nombre de jurisdicción como elemento de entrada | elibro, Corp. |
| 830 #0 - PUNTO DE ACCESO ADICIONAL DE SERIE-TÍTULO UNIFORME | |
| Título uniforme | Biblioteca de Ciencias ; |
| Designación de volumen o secuencia | 47. |
| 856 40 - LOCALIZACIÓN Y ACCESO ELECTRÓNICOS | |
| Identificador Uniforme de Recurso | <a href="https://elibro.net/ereader/politecnicointernacional/122161">https://elibro.net/ereader/politecnicointernacional/122161</a> |
No hay ítems disponibles.